| 000 | 00579nam a2200193 a 4500 | ||
|---|---|---|---|
| 005 | 20210223130724.0 | ||
| 008 | 081009s1986 mx r 000 0 spa d | ||
| 035 | _aUPN01000163088 | ||
| 049 | _aUNE | ||
| 080 | _aOC 613.95 (083.85) (100) WIL. | ||
| 100 | 1 | _aWilliams, Glen. | |
| 245 | 1 | 0 |
_aTodos por la salud : _bguía de comunicación para la vida/ _cGlen Williams. |
| 260 |
_aNueva York : _bUNICEF, _c1986. |
||
| 300 |
_a73 p. ; _bil. |
||
| 690 | _aGuias- Salud- Niños | ||
| 690 | _aSalud- Niños- Canales de comunicacion | ||
| 710 | 2 |
_aUNICEF. _924085 |
|
| 905 | _aUNESCO | ||
| 999 |
_c135201 _d135201 |
||